Teaching elementary school subjects (Record no. 2505)
[ view plain ]
| 000 -LEADER | |
|---|---|
| fixed length control field | 00351nam a22001457a 4500 |
| 003 - CONTROL NUMBER IDENTIFIER | |
| control field | 0 |
| 005 - DATE AND TIME OF LATEST TRANSACTION | |
| control field | 20220114142151.0 |
| 008 - FIXED-LENGTH DATA ELEMENTS--GENERAL INFORMATION | |
| fixed length control field | 0 |
| 040 ## - CATALOGING SOURCE | |
| Transcribing agency | 0 |
| 050 ## - LIBRARY OF CONGRESS CALL NUMBER | |
| Classification number | LB1555 |
| Item number | .G821 |
| 100 ## - MAIN ENTRY--PERSONAL NAME | |
| Personal name | Gregorio, Herman C. |
| 245 ## - TITLE STATEMENT | |
| Title | Teaching elementary school subjects |
| Statement of responsibility, etc. | Herman C. Gregorio |
| 300 ## - PHYSICAL DESCRIPTION | |
| Extent | xiv, 482 pages: |
| Other physical details | with Illustrations; |
| Dimensions | 22 cm. |
| 942 ## - ADDED ENTRY ELEMENTS (KOHA) | |
| Source of classification or shelving scheme | Library of Congress Classification |
| Koha item type | Filipiniana |
| Withdrawn status | Source of classification or shelving scheme | Damaged status | Not for loan | Home library | Current library | Date acquired | Total Checkouts | Full call number | Barcode | Date last seen | Price effective from | Koha item type |
|---|---|---|---|---|---|---|---|---|---|---|---|---|
| Library of Congress Classification | Cainta College Library | Cainta College Library | 05/31/2018 | LB1558.G821 | URSCAI-4241 | 05/31/2018 | 05/31/2018 | Filipiniana |